000 01035nam a2200241 a 4500
001 BRCA_8995
005 20190320210503.0
008 140717s1734----sp-#######---#000-0#spa-#
041 _aspa
044 _asp
084 _aLM19(19-19)
_b.F49 1734
100 1 _aFeyjoo, Benito Geronymo
_d1676 - 1764
_922326
245 1 0 _aTheatro critico universal ó Discursos varios en todo género de materias, para desengaño de errores comunes
_cescrito por el : R. P. M. Fr. Benito Geronymo Feyjoo...
260 _aMadrid
_bEn la Imprenta de los Herederos de Francisco del Hierro
_c1734
300 _a[21], 399 p. (t.6)
_c19.7 x 15.2 cm
500 _aCon privilegio
500 _aEn portada: Dedicado al Rmo. P. M. Fr. Bernardo Martin, General de la Congregación de S. Benito de España, Inglaterra, &c.
500 _aEstado físico: presenta encuadernación en pergamino con lomo semi desprendido, carece de cintas
650 1 4 _aTeatro
_ySiglo XVIII
_zEspaña
_922177
700 1 _aBernardo Martin
_922327
902 _aCFM
942 _2lcc
_cB
999 _c8646
_d8646